Explosive Eighteen (Record no. 42983)

MARC details
000 -LEADER
fixed length control field 00569nam a2200157 a 4500
008 - FIXED-LENGTH DATA ELEMENTS--GENERAL INFORMATION
fixed length control field 130919s2011 ||||||||||||||||| || u
020 ## - INTERNATIONAL STANDARD BOOK NUMBER
International Standard Book Number 9780755388554
050 ## - LIBRARY OF CONGRESS CALL NUMBER
Classification number PS 3555 .V2126 E97
100 ## - MAIN ENTRY--PERSONAL NAME
Personal name Avanovich Janet
245 10 - TITLE STATEMENT
Title Explosive Eighteen
Statement of responsibility, etc. by Janet Avanovich
260 ## - PUBLICATION, DISTRIBUTION, ETC.
Place of publication, distribution, etc. Great Britain:
Name of publisher, distributor, etc. Headline Publishing Group
Date of publication, distribution, etc. 2011
300 ## - PHYSICAL DESCRIPTION
Extent 342p.
650 ## - SUBJECT ADDED ENTRY--TOPICAL TERM
Topical term or geographic name entry element ENGLISH LANGUAGE
650 ## - SUBJECT ADDED ENTRY--TOPICAL TERM
Topical term or geographic name entry element WOMEN BOUNTY HUNTERS--FICTION
995 ## - RECOMMENDATION 995 [LOCAL, UNIMARC FRANCE]
-- CBU-MAIN LIBRARY (Kitwe)
-- 1
-- AVAILABLE
-- Oct 31, 2013
-- Fiction Collection
Holdings
Withdrawn status Lost status Source of classification or shelving scheme Damaged status Not for loan Home library Current library Shelving location Date acquired Total Checkouts Full call number Barcode Date last seen Price effective from Koha item type
          CBU-MAIN LIBRARY, KITWE. CBU-MAIN LIBRARY, KITWE.   11/30/2022   PS 3555 .V2126 E97 744558 11/30/2022 11/30/2022 MONOGRAPH